000 00320nam a2200145Ia 4500
005 20260415111923.0
008 191201s2019 xx 000 0 und d
100 _aRICH, Elain
245 0 _aArtificial Intelligence
250 _a3rd Rep
260 _bTMH
_aN. delhi
300 _a568
650 _aIT
942 _2ddc
_cBB
999 _c7370
_d7370